[Event "Olga Nikolaevna Rubtsova"]
[Site "SchemingMind.com"]
[Date "2009.04.25"]
[Round "-"]
[White "Tom Lathrop"]
[Black "MichaelDV"]
[Result "0-1"]
[WhiteCountry "CAN"]
[BlackCountry "SWE"]
[WhiteElo "1917"]
[WhiteRD "133"]
[BlackElo "2409"]
[BlackRD "71"]
[GameID "201842"]

1. e4 e5 2. f4 Bc5 3. Nf3 d6 4. c3 Nf6 5. d4 exd4 6. cxd4 Bb6 7. e5 dxe5 8. fxe5 Nd5 9. Nc3 Nc6 10. Bb5 O-O
11. Bg5 Qd7 12. O-O h6 13. Kh1 Nxc3 14. bxc3 hxg5 15. d5 g4 16. e6 Qe7 17. dxc6 Qxe6 18. Qd3 gxf3 19. Qxf3 bxc6 20. Bxc6 Rb8
21. Bd5 Qg4 22. Qd3 Be6 23. Bf3 Qc4 24. Qc2 Rbd8 25. Be2 Qh4 26. Rf3 a5 27. Raf1 g6 28. c4 Bd4 29. Bd3 Kg7 30. Rf4 Qh6
31. Qe2 Rh8 32. g3 c5 33. h4 Rb8 34. Qf3 Rhf8
0-1

[Event "Olga Nikolaevna Rubtsova"]
[Site "SchemingMind.com"]
[Date "2009.04.25"]
[Round "-"]
[White "MichaelDV"]
[Black "Tom Lathrop"]
[Result "1-0"]
[WhiteCountry "SWE"]
[BlackCountry "CAN"]
[WhiteElo "2409"]
[WhiteRD "71"]
[BlackElo "1917"]
[BlackRD "133"]
[GameID "201843"]

1. d4 d5 2. c4 e6 3. Nf3 Nf6 4. Nc3 Be7 5. Bf4 O-O 6. e3 c5 7. dxc5 Bxc5 8. Qc2 Nc6 9. a3 Re8 10. O-O-O e5
11. Bg5 d4 12. Nd5 Be6 13. Bd3 Bxd5 14. cxd5 Qxd5 15. Bxf6 gxf6 16. Bxh7+ Kf8 17. Be4 Qd6 18. Kb1 Rac8 19. h4 Na5 20. Qa4 Qb6
21. h5 Bd6 22. Nd2 Red8 23. h6 Kg8 24. exd4 Bf8 25. d5 Rc5 26. Rc1 Qb5 27. Qd1 Rxc1+ 28. Qxc1 Qb6 29. Qc3 Kh8 30. Ka2 Bc5
31. b4 Bxf2 32. bxa5 Qe3 33. Qxe3 Bxe3 34. Nc4 Bc5 35. Rf1
1-0

[Event "Olga Nikolaevna Rubtsova"]
[Site "SchemingMind.com"]
[Date "2009.05.04"]
[Round "-"]
[White "Peacemaker"]
[Black "Tom Lathrop"]
[Result "1-0"]
[WhiteCountry "GER"]
[BlackCountry "CAN"]
[WhiteElo "2459"]
[WhiteRD "79"]
[BlackElo "1975"]
[BlackRD "146"]
[GameID "203064"]

1. e4 c5 2. Nf3 Nc6 3. d4 cxd4 4. Nxd4 g6 5. Nc3 Bg7 6. Be3 Nf6 7. Bc4 O-O 8. Bb3 d6 9. f3 Bd7 10. Qd2 Rc8
11. O-O-O Ne5 12. h4 h5 13. Bg5 Rc5 14. Kb1 b5 15. g4 hxg4 16. h5 Rxc3 17. Bxf6 Rxb3 18. Bxe5 Rxb2+ 19. Kxb2 Bxe5 20. hxg6 fxg6
21. Qh6 Rxf3 22. Qh7+ Kf8 23. Qh8+
1-0

[Event "Olga Nikolaevna Rubtsova"]
[Site "SchemingMind.com"]
[Date "2009.05.03"]
[Round "-"]
[White "Peacemaker"]
[Black "MichaelDV"]
[Result "1-0"]
[WhiteCountry "GER"]
[BlackCountry "SWE"]
[WhiteElo "2477"]
[WhiteRD "74"]
[BlackElo "2412"]
[BlackRD "69"]
[GameID "203065"]

1. d4 Nf6 2. c4 e6 3. Nf3 d5 4. Nc3 c6 5. e3 Nbd7 6. Qc2 Be7 7. b3 b6 8. Bd3 Bb7 9. O-O Qc7 10. Bb2 h6
11. Rac1 Rc8 12. Qe2 O-O 13. cxd5 exd5 14. Rfd1 Rfe8 15. Bf5 Ra8 16. Qc2 Bf8 17. g3 g6 18. Bh3 Qd6 19. Ne1 Bg7 20. Nd3 Nf8
21. b4 b5 22. a4 a6 23. Bg2 N8d7 24. a5 Rac8 25. Ne2 Ne4 26. Nef4 Qe7 27. f3 Nd6 28. Re1 Nc4 29. Bc3 Nf6 30. Nc5 h5
31. e4 dxe4 32. fxe4 Bh6 33. Bf1 h4 34. Bxc4 bxc4 35. Bd2 hxg3 36. hxg3 Kg7 37. Re2
1-0

[Event "Olga Nikolaevna Rubtsova"]
[Site "SchemingMind.com"]
[Date "2009.05.06"]
[Round "-"]
[White "Tom Lathrop"]
[Black "Peacemaker"]
[Result "0-1"]
[WhiteCountry "CAN"]
[BlackCountry "GER"]
[WhiteElo "1917"]
[WhiteRD "133"]
[BlackElo "2453"]
[BlackRD "81"]
[GameID "203066"]

1. e4 c5 2. Nf3 Nc6 3. d4 cxd4 4. Nxd4 Nf6 5. Nc3 d6 6. Bc4 e6 7. Be3 Be7 8. Qe2 a6 9. O-O-O Qc7 10. Bb3 O-O
11. g4 Nxd4 12. Rxd4 b5 13. g5 Nd7 14. Rg1 Nc5 15. f4 Rb8 16. f5 b4 17. f6 bxc3 18. e5 d5 19. fxe7 Re8 20. g6 cxb2+
21. Kb1 fxg6 22. Bg5 a5 23. Bf6 Bd7 24. Rh4 Nxb3 25. axb3 Qc5 26. Rxg6 hxg6 27. Kxb2 a4
0-1

[Event "Olga Nikolaevna Rubtsova"]
[Site "SchemingMind.com"]
[Date "2009.05.03"]
[Round "-"]
[White "MichaelDV"]
[Black "Peacemaker"]
[Result "1/2-1/2"]
[WhiteCountry "SWE"]
[BlackCountry "GER"]
[WhiteElo "2421"]
[WhiteRD "76"]
[BlackElo "2481"]
[BlackRD "76"]
[GameID "203067"]

1. d4 d5 2. Nf3 Nf6 3. c4 e6 4. g3 Be7 5. Bg2 O-O 6. O-O dxc4 7. Qc2 a6 8. Qxc4 b5 9. Qc2 Bb7 10. Bd2 Be4
11. Qc1 Bb7 12. Rd1 Nbd7 13. Ba5 Bd6 14. Nbd2 Rc8 15. b4 Qe7 16. a3 e5 17. Nxe5 Bxg2 18. Nxd7 Nxd7 19. Kxg2 Qxe2 20. Qc3 Nf6
21. Re1 Nd5=
1/2-1/2

[Event "Olga Nikolaevna Rubtsova"]
[Site "SchemingMind.com"]
[Date "2009.05.06"]
[Round "-"]
[White "saxon"]
[Black "Tom Lathrop"]
[Result "1-0"]
[WhiteCountry "GER"]
[BlackCountry "CAN"]
[WhiteElo "2377"]
[WhiteRD "101"]
[BlackElo "1916"]
[BlackRD "119"]
[GameID "203541"]

1. d4 Nf6 2. c4 e6 3. Nf3 d5 4. g3 c5 5. cxd5 exd5 6. Bg2 Nc6 7. O-O Be7 8. Nc3 O-O 9. dxc5 Bxc5 10. Na4 Be7
11. Be3 Re8 12. Rc1 Bg4 13. Qd3 Qd7 14. Rfd1 Bf5 15. Qb5 a6 16. Qb6 Bd8 17. Qb3 Na5 18. Qa3 Rc8 19. Rxc8 Qxc8 20. b3 Nc6
21. Qb2 Be4 22. Rc1 Ng4 23. Bd4 Bf6 24. Bxf6 Nxf6 25. Nc5 Bf5 26. b4 Bd7 27. e3 b6 28. Nxd7 Qxd7 29. b5 Na5 30. Bf1 Nc4
31. Bxc4 dxc4 32. bxa6
1-0

[Event "Olga Nikolaevna Rubtsova"]
[Site "SchemingMind.com"]
[Date "2009.05.11"]
[Round "-"]
[White "saxon"]
[Black "MichaelDV"]
[Result "1-0"]
[WhiteCountry "GER"]
[BlackCountry "SWE"]
[WhiteElo "2406"]
[WhiteRD "102"]
[BlackElo "2412"]
[BlackRD "66"]
[GameID "203542"]

1. d4 Nf6 2. c4 e6 3. Nf3 d5 4. g3 dxc4 5. Bg2 c6 6. Ne5 Bb4+ 7. Bd2 Qxd4 8. Bxb4 Qxe5 9. Na3 b5 10. Bd6 Qxb2
11. O-O Nd5 12. e4 Nc3 13. Qh5 h6 14. Rfe1 Nd7 15. e5 Bb7 16. Rac1 Qd2 17. Nb1 Nxb1 18. Rxb1 Nb6 19. Qh4 Qg5 20. Qd4 Rd8
21. Qc5 f5 22. f4 Qg6 23. a4 Ba8 24. axb5 cxb5 25. Ra1 Qf7 26. Bxa8 Rxa8 27. Qxb6 axb6 28. Rxa8+ Kd7 29. Ra7+ Ke8 30. Rea1 Qd7
31. Rxd7 Kxd7 32. Ra7+ Kc6 33. Kf2 g5 34. Ke3 Kd5 35. Bb4 Re8 36. Rd7+ Kc6 37. Rd6+ Kc7 38. fxg5 hxg5 39. Kd4 f4 40. gxf4 gxf4
41. Ke4 Rh8 42. Rxe6 Rxh2 43. Kd5 f3 44. Re7+ Kd8 45. Kc6 f2 46. Rf7 Rh6+ 47. Bd6
1-0

[Event "Olga Nikolaevna Rubtsova"]
[Site "SchemingMind.com"]
[Date "2009.05.06"]
[Round "-"]
[White "saxon"]
[Black "Peacemaker"]
[Result "1/2-1/2"]
[WhiteCountry "GER"]
[BlackCountry "GER"]
[WhiteElo "2377"]
[WhiteRD "101"]
[BlackElo "2477"]
[BlackRD "74"]
[GameID "203543"]

1. e4 c5 2. Nf3 Nc6 3. d4 cxd4 4. Nxd4 Nf6 5. Nc3 d6 6. Bg5 e6 7. Qd2 a6 8. O-O-O Bd7 9. f4 b5 10. Bxf6 gxf6
11. Kb1 Qb6 12. Nxc6 Bxc6 13. f5 Qc5 14. Bd3 h5 15. Qe1 Be7 16. Ne2 e5 17. h4 a5 18. Ng3 a4 19. a3 O-O-O 20. Be2 d5
21. exd5 Rxd5 22. Rxd5 Qxd5 23. Bf3 Qc4 24. Bxc6 Qxc6 25. Ne4 Rd8 26. Rh3 Kb8 27. Rd3 Rxd3 28. cxd3 Qd7 29. Qe3 Qd5 30. Ka1 Kc8
31. Qf3 Kd8 32. Qxh5 Bxa3 33. Qe2 Qd4 34. Qf2 Be7 35. Qxd4+=
1/2-1/2

[Event "Olga Nikolaevna Rubtsova"]
[Site "SchemingMind.com"]
[Date "2009.05.07"]
[Round "-"]
[White "Tom Lathrop"]
[Black "saxon"]
[Result "0-1"]
[WhiteCountry "CAN"]
[BlackCountry "GER"]
[WhiteElo "1916"]
[WhiteRD "119"]
[BlackElo "2377"]
[BlackRD "101"]
[GameID "203544"]

1. e4 c5 2. Nf3 e6 3. d4 cxd4 4. Nxd4 Nc6 5. Nc3 Qc7 6. Be2 a6 7. O-O Nf6 8. Be3 Bb4 9. Na4 Be7 10. c4 Nxe4
11. c5 O-O 12. Rc1 Rb8 13. Qb3 d5 14. Qb6 Bd8 15. Nxc6 bxc6 16. Qxc7 Bxc7 17. Nb6 a5 18. Rc2 e5 19. f3 Nf6 20. Na4 d4
21. Bf2 Nd5 22. Bc4 Be6 23. Bxd5 Bxd5 24. b3 Rfe8 25. Rd2 f6 26. f4 Bf7 27. g4 exf4 28. Bxd4 Be6 29. Kf2 Bxg4 30. Rg1 h5
31. Nc3 Rbd8
0-1

[Event "Olga Nikolaevna Rubtsova"]
[Site "SchemingMind.com"]
[Date "2009.05.11"]
[Round "-"]
[White "MichaelDV"]
[Black "saxon"]
[Result "1/2-1/2"]
[WhiteCountry "SWE"]
[BlackCountry "GER"]
[WhiteElo "2409"]
[WhiteRD "71"]
[BlackElo "2344"]
[BlackRD "108"]
[GameID "203545"]

1. d4 Nf6 2. Nf3 e6 3. c4 d5 4. g3 dxc4 5. Bg2 Bb4+ 6. Bd2 a5 7. Qc2 Bxd2+ 8. Nbxd2 b5 9. a4 c6 10. b3 cxb3
11. Nxb3 O-O 12. Ne5 Nd5 13. O-O b4 14. Nxc6 Nxc6 15. Qxc6 Bd7 16. Qd6 Nc3 17. Bxa8 Qxa8 18. f3 Bxa4 19. Rxa4 Nxa4 20. Ra1 Nc3
21. Rxa5 Qc8 22. Qxb4= Nxe2+ 23. Kf1 Nc3 24. Qc5 Nd5 25. Qxc8 Rxc8 26. Nc5 h5 27. Ke2 g5 28. Ra7 Rb8 29. Kd3 Rb2 30. Ne4 g4
31. Ng5 Rxh2 32. Nxf7 Rg2 33. Ng5 gxf3 34. Ra8+ Kg7 35. Nxe6+ Kf6=
1/2-1/2

[Event "Olga Nikolaevna Rubtsova"]
[Site "SchemingMind.com"]
[Date "2009.05.07"]
[Round "-"]
[White "Peacemaker"]
[Black "saxon"]
[Result "1/2-1/2"]
[WhiteCountry "GER"]
[BlackCountry "GER"]
[WhiteElo "2477"]
[WhiteRD "74"]
[BlackElo "2377"]
[BlackRD "101"]
[GameID "203546"]

1. e4 e5 2. Nf3 Nc6 3. Bc4 Bc5 4. c3 Nf6 5. d3 a6 6. Bb3 d6 7. O-O Ba7 8. Nbd2 O-O 9. h3 Be6 10. Re1 Bxb3
11. Qxb3 Rb8 12. Nf1 h6 13. Be3 Bxe3 14. Nxe3 Qd7 15. Rad1 Rfe8 16. Nd5 Nxd5 17. Qxd5 Ne7= 18. Nxe5 Qf5 19. exf5 Nxd5 20. Nc4 Rxe1+
21. Rxe1 Nf4 22. d4 Kf8 23. Ne3 b5 24. Kf1 Nd3 25. Rb1 b4 26. Ke2 Nf4+ 27. Kf3 Nd3 28. c4 b3 29. a3 c5 30. d5 a5
31. g3 Ne5+ 32. Kg2 Nd7 33. f4 Nb6 34. Kf3 Re8 35. g4 f6 36. h4 Kf7 37. Rd1 h5 38. g5 Kf8 39. Rd3 a4 40. Rc3 Nc8
41. Rc1 Ne7 42. Rf1=
1/2-1/2

[Event "Olga Nikolaevna Rubtsova"]
[Site "SchemingMind.com"]
[Date "2009.05.08"]
[Round "-"]
[White "tabanli"]
[Black "saxon"]
[Result "1/2-1/2"]
[WhiteCountry "USA"]
[BlackCountry "GER"]
[WhiteElo "2029"]
[WhiteRD "102"]
[BlackElo "2332"]
[BlackRD "117"]
[GameID "203672"]

1. d4 d5 2. c4 c6 3. Nf3 Nf6 4. Nc3 dxc4 5. a4 Bf5 6. Ne5 Nbd7 7. Nxc4 Qc7 8. g3 e5 9. dxe5 Nxe5 10. Bf4 Nfd7
11. Bg2 g5 12. Ne3 gxf4 13. Nxf5 O-O-O 14. Qc2 Ng6 15. O-O fxg3 16. hxg3 Kb8 17. Rfc1=
1/2-1/2

[Event "Olga Nikolaevna Rubtsova"]
[Site "SchemingMind.com"]
[Date "2009.05.09"]
[Round "-"]
[White "tabanli"]
[Black "Tom Lathrop"]
[Result "1-0"]
[WhiteCountry "USA"]
[BlackCountry "CAN"]
[WhiteElo "2071"]
[WhiteRD "104"]
[BlackElo "1917"]
[BlackRD "133"]
[GameID "203673"]

1. d4 d5 2. c4 e6 3. Nc3 c5 4. cxd5 exd5 5. e4 dxe4 6. Bc4 Nc6 7. d5 Ne5 8. Nxe4 Bd7 9. Qe2 b5 10. Bb3 c4
11. Bc2 Bb4+ 12. Bd2 Bxd2+ 13. Nxd2 Qe7 14. d6 Qe6 15. O-O-O Rc8 16. Kb1 Kd8 17. Ngf3 Nxf3 18. Qxf3 Bc6 19. Qg3 Qf6 20. Qa3
1-0

[Event "Olga Nikolaevna Rubtsova"]
[Site "SchemingMind.com"]
[Date "2009.05.10"]
[Round "-"]
[White "tabanli"]
[Black "MichaelDV"]
[Result "0-1"]
[WhiteCountry "USA"]
[BlackCountry "SWE"]
[WhiteElo "2040"]
[WhiteRD "93"]
[BlackElo "2412"]
[BlackRD "66"]
[GameID "203674"]

1. d4 Nf6 2. c4 e6 3. Nc3 Bb4 4. Qc2 O-O 5. a3 Bxc3+ 6. Qxc3 b6 7. Bg5 Ba6 8. Qf3 Nc6 9. e3 Bb7 10. Bxf6 Qxf6
11. Qxf6 gxf6 12. Ne2 Ne7 13. Nf4 Rfd8 14. Be2 Ng6 15. Nxg6 hxg6 16. O-O d6 17. f4= Be4 18. Bf3 Bxf3 19. Rxf3 c5 20. Rc1 Rac8
21. Rf2 cxd4 22. exd4 e5 23. d5 Rd7 24. b3 b5 25. f5 Kg7 26. Rcf1 bxc4 27. bxc4 Rxc4 28. fxg6 fxg6 29. Rxf6 Rd4 30. Rf8 Rxd5
31. Ra8 Rc7 32. h4 Rd4 33. g3 Rd3 34. Kg2 Rxa3 35. Rff8 Rf7 36. Rg8+ Kf6 37. g4 e4 38. Rge8 d5 39. Rad8 Rb7 40. g5+ Kf5
41. Rxd5+ Kf4 42. Rf8+ Kg4 43. Rd4 Rg3+ 44. Kf2 Rb2+ 45. Kf1 Rf3+ 46. Rxf3 Kxf3 47. Ke1 Ke3
0-1

[Event "Olga Nikolaevna Rubtsova"]
[Site "SchemingMind.com"]
[Date "2009.05.08"]
[Round "-"]
[White "tabanli"]
[Black "Peacemaker"]
[Result "0-1"]
[WhiteCountry "USA"]
[BlackCountry "GER"]
[WhiteElo "2029"]
[WhiteRD "95"]
[BlackElo "2477"]
[BlackRD "74"]
[GameID "203675"]

1. d4 Nf6 2. c4 e6 3. Nc3 Bb4 4. Qc2 O-O 5. a3 Bxc3+ 6. Qxc3 b6 7. Bg5 Bb7 8. e3 d6 9. Ne2 Nbd7 10. Rd1 h6
11. Bh4 e5 12. f3 Re8 13. d5 Nxd5 14. Bxd8 Nxc3 15. Nxc3 Rexd8 16. Bd3 Nc5 17. Bc2 g6 18. b4 Ne6 19. Be4 Bxe4 20. Nxe4 a6
21. Kf2 b5 22. Nd2 f5 23. Rc1 a5 24. cxb5 axb4 25. axb4 Rab8 26. h4 Rxb5 27. Rc4 Rdb8 28. g4 Rxb4 29. h5 Rb2 30. Ke2 Ra2
31. hxg6 f4 32. exf4 d5
0-1

[Event "Olga Nikolaevna Rubtsova"]
[Site "SchemingMind.com"]
[Date "2009.05.09"]
[Round "-"]
[White "saxon"]
[Black "tabanli"]
[Result "1-0"]
[WhiteCountry "GER"]
[BlackCountry "USA"]
[WhiteElo "2377"]
[WhiteRD "101"]
[BlackElo "2029"]
[BlackRD "95"]
[GameID "203676"]

1. e4 e5 2. Nf3 Nc6 3. Bb5 a6 4. Bxc6 dxc6 5. O-O f6 6. d4 exd4 7. Nxd4 c5 8. Nb3 Qxd1 9. Rxd1 Bg4 10. f3 Be6
11. Bf4 c4 12. Nd4 O-O-O 13. Nc3 Bc5 14. Ne2 Ne7 15. Be3 Bd7 16. Nf5 Bxe3+ 17. Nxe3 b5 18. a4 bxa4 19. Nc3 Bb5 20. Rxd8+ Rxd8
21. Nxa4 Bxa4 22. Rxa4 c3 23. b3 Nc6 24. Nd5 Ne5 25. Rxa6 Kb7 26. Ra1 c6 27. Ne3 Rd2 28. Kf1 c5 29. Ke1 h5 30. Rd1 h4
31. Rxd2 cxd2+ 32. Kxd2 h3 33. f4 hxg2 34. Nxg2 Nf3+ 35. Ke2 Nd4+ 36. Kd3 Kc6 37. h4 g6 38. f5 gxf5 39. h5 fxe4+ 40. Kxe4 Kd6
41. h6 Ne6 42. Kf5 Ng5 43. Kxf6
1-0

[Event "Olga Nikolaevna Rubtsova"]
[Site "SchemingMind.com"]
[Date "2009.05.09"]
[Round "-"]
[White "Tom Lathrop"]
[Black "tabanli"]
[Result "1/2-1/2"]
[WhiteCountry "CAN"]
[BlackCountry "USA"]
[WhiteElo "1916"]
[WhiteRD "119"]
[BlackElo "2029"]
[BlackRD "95"]
[GameID "203677"]

1. e4 e5 2. f4 exf4 3. Nf3 g5 4. Bc4 Bg7 5. h4 h6 6. d4 Nc6 7. Nc3 d6 8. O-O Bg4 9. Ne2 Qf6 10. g3 Bxf3
11. Rxf3 Nxd4 12. Nxd4 Qxd4+ 13. Qxd4 Bxd4+ 14. Kg2 fxg3 15. Bxf7+ Ke7 16. hxg5 hxg5 17. Bxg5+ Nf6 18. Raf1 Rh2+ 19. Kxg3 Be5+ 20. Bf4 Rah8
21. Bxe5 R8h3+ 22. Kf4 dxe5+ 23. Kxe5 Nd7+ 24. Kf4 Rxf3+ 25. Kxf3 Rxc2 26. Bb3 Rxb2 27. Ke3 a5 28. Kd4 Re2 29. Kd3 Rh2 30. Rf5 b6
31. Kd4 Rd2+ 32. Ke3 Rb2 33. Kd4 Rd2+ 34. Ke3 Rh2 35. Kd4=
1/2-1/2

[Event "Olga Nikolaevna Rubtsova"]
[Site "SchemingMind.com"]
[Date "2009.05.10"]
[Round "-"]
[White "MichaelDV"]
[Black "tabanli"]
[Result "1-0"]
[WhiteCountry "SWE"]
[BlackCountry "USA"]
[WhiteElo "2409"]
[WhiteRD "71"]
[BlackElo "2071"]
[BlackRD "104"]
[GameID "203678"]

1. Nf3 d5 2. d4 c6 3. c4 e6 4. e3 Nf6 5. b3 Nbd7 6. Bb2 b6 7. Bd3 Bb7 8. O-O Bd6 9. Nbd2 O-O 10. Ne5 Rc8
11. f4 c5 12. Qe2 Qe7 13. Rad1 Rc7 14. Bb1 Re8 15. g4 Nf8 16. g5 N6d7 17. Nef3 Nb8 18. h4 Nc6 19. dxc5 bxc5 20. h5 Nd7
21. Rfe1 f5 22. cxd5 exd5 23. Qd3 Qf7 24. g6 hxg6 25. Ng5 Qe7 26. Qxd5+
1-0

[Event "Olga Nikolaevna Rubtsova"]
[Site "SchemingMind.com"]
[Date "2009.05.09"]
[Round "-"]
[White "Peacemaker"]
[Black "tabanli"]
[Result "1-0"]
[WhiteCountry "GER"]
[BlackCountry "USA"]
[WhiteElo "2453"]
[WhiteRD "81"]
[BlackElo "2071"]
[BlackRD "104"]
[GameID "203679"]

1. e4 e5 2. Nf3 Nc6 3. Bc4 Bc5 4. c3 Nf6 5. d3 d6 6. O-O a6 7. Bb3 O-O 8. Nbd2 Ba7 9. h3 Be6 10. Re1 Qd7
11. Nf1 h6 12. Ng3 Rad8 13. Ba4 b5 14. Bb3 Rfe8 15. d4 exd4 16. cxd4 d5 17. e5 Ne4 18. Nh5 Qe7 19. Be3 Na5 20. Qc1 g6
21. Nf4 c5 22. dxc5 Nxb3 23. axb3 Bxc5 24. Nd3 Rc8 25. Bxc5 Nxc5 26. Nxc5 Rxc5 27. Qxh6 Qf8 28. Qf4
1-0

[Event "Olga Nikolaevna Rubtsova"]
[Site "SchemingMind.com"]
[Date "2009.05.09"]
[Round "-"]
[White "Fiesty 50"]
[Black "saxon"]
[Result "1/2-1/2"]
[WhiteCountry "ENG"]
[BlackCountry "GER"]
[WhiteElo "2297"]
[WhiteRD "106"]
[BlackElo "2336"]
[BlackRD "107"]
[GameID "204049"]

1. e4 e5 2. Nf3 Nc6 3. Bb5 a6 4. Ba4 Nf6 5. O-O Be7 6. Re1 b5 7. Bb3 d6 8. c3 O-O 9. h3 h6 10. d4 Re8
11. Nbd2 Bf8 12. Nf1 Bd7 13. Ng3 Na5 14. Bc2 Nc4 15. a4 c5 16. b3 Na5 17. axb5 axb5 18. Be3 Qc7 19. d5 Nb7 20. Qd2 Kh7
21. Nh4 g6 22. f4 exf4 23. Bxf4 Rxa1 24. Rxa1 Bg7 25. Rf1 b4 26. c4 Bc8 27. Nf3 Ng8 28. h4 Kh8 29. Be3 h5 30. Ng5 Nd8
31. Qd3 Be5 32. Bf4 Bd4+ 33. Kh1 Bg4 34. Ne2 Bg7=
1/2-1/2

[Event "Olga Nikolaevna Rubtsova"]
[Site "SchemingMind.com"]
[Date "2009.05.09"]
[Round "-"]
[White "Fiesty 50"]
[Black "Tom Lathrop"]
[Result "1-0"]
[WhiteCountry "ENG"]
[BlackCountry "CAN"]
[WhiteElo "2308"]
[WhiteRD "97"]
[BlackElo "1916"]
[BlackRD "119"]
[GameID "204050"]

1. e4 e6 2. d4 d5 3. Nc3 Bb4 4. e5 c5 5. a3 Bxc3+ 6. bxc3 Ne7 7. Qg4 Qc7 8. Qxg7 Rg8 9. Qxh7 cxd4 10. Ne2 Nbc6
11. f4 Bd7 12. Qd3 dxc3 13. Rg1 Rc8 14. g4 Na5 15. Rg3 Bc6 16. Nxc3 Rh8 17. h3 Nc4 18. Qd4 b5 19. Bxc4 dxc4 20. Rb1 Rb8
21. Qc5 Qb6 22. Be3 Qxc5 23. Bxc5 Rb7 24. Kf2 Ng6 25. Ke3 Nh4 26. Ne4 Bxe4 27. Kxe4 Kd7 28. f5 Kc6 29. Be3 Rd7 30. a4 a6
31. axb5+ axb5 32. Ra1 exf5+ 33. gxf5 Rh5 34. Rg8
1-0

[Event "Olga Nikolaevna Rubtsova"]
[Site "SchemingMind.com"]
[Date "2009.05.10"]
[Round "-"]
[White "Fiesty 50"]
[Black "MichaelDV"]
[Result "1/2-1/2"]
[WhiteCountry "ENG"]
[BlackCountry "SWE"]
[WhiteElo "2319"]
[WhiteRD "103"]
[BlackElo "2409"]
[BlackRD "71"]
[GameID "204051"]

1. e4 e5 2. Nf3 Nc6 3. Bb5 Nf6 4. O-O Nxe4 5. d4 Nd6 6. Bxc6 dxc6 7. dxe5 Nf5 8. Qxd8+ Kxd8 9. Nc3 Bd7 10. h3 h6
11. b3 Kc8 12. Bb2 b6 13. Rad1 Ne7 14. Rfe1 Ng6 15. Ne4 c5 16. c4 Be6 17. Ng3 a5 18. Nh5 a4 19. Re2 axb3 20. axb3 Rg8=
1/2-1/2

[Event "Olga Nikolaevna Rubtsova"]
[Site "SchemingMind.com"]
[Date "2009.05.10"]
[Round "-"]
[White "Fiesty 50"]
[Black "Peacemaker"]
[Result "0-1"]
[WhiteCountry "ENG"]
[BlackCountry "GER"]
[WhiteElo "2308"]
[WhiteRD "97"]
[BlackElo "2477"]
[BlackRD "74"]
[GameID "204052"]

1. e4 c5 2. Nf3 Nc6 3. d4 cxd4 4. Nxd4 Nf6 5. Nc3 d6 6. Bg5 e6 7. Qd2 a6 8. O-O-O Bd7 9. f3 Nxd4 10. Qxd4 Be7
11. g4 b5 12. f4 Bc6 13. Bxf6 Bxf6 14. Qxd6 Rc8 15. Qxd8+ Rxd8 16. Bg2 g5 17. fxg5 Bxg5+ 18. Kb1 Ke7 19. Rxd8 Rxd8 20. Re1 Bh4
21. Rd1 Rxd1+ 22. Nxd1 Kd6 23. e5+ Kc7 24. Bxc6 Kxc6 25. Nc3 Be7 26. Kc1 b4 27. Na4 Kd5 28. Kd2 Kxe5 29. Ke3 Bg5+ 30. Kf3 Kd4
31. c3+ bxc3 32. Nxc3 Kd3 33. Na4 Be7 34. h3 e5 35. Nc3 a5
0-1

[Event "Olga Nikolaevna Rubtsova"]
[Site "SchemingMind.com"]
[Date "2009.05.09"]
[Round "-"]
[White "Fiesty 50"]
[Black "tabanli"]
[Result "1/2-1/2"]
[WhiteCountry "ENG"]
[BlackCountry "USA"]
[WhiteElo "2245"]
[WhiteRD "94"]
[BlackElo "2040"]
[BlackRD "93"]
[GameID "204053"]

1. e4 e5 2. Nf3 Nc6 3. Bb5 a6 4. Ba4 Nf6 5. O-O Be7 6. Re1 b5 7. Bb3 O-O 8. c3 d5 9. exd5 Nxd5 10. Nxe5 Nxe5
11. Rxe5 c6 12. d4 Bd6 13. Re1 Qh4 14. g3 Qh3 15. Be3 Bg4 16. Qd3 Rae8 17. Nd2 Re6 18. Qf1 Qh5 19. f3 Bf5 20. Ne4 Bxe4
21. fxe4 Rxe4 22. Bd1 Qg6 23. Bc2 Nxe3 24. Rxe3 Rxe3 25. Bxg6 hxg6 26. Re1 Rfe8 27. Rxe3 Rxe3 28. Kg2 f5 29. a4 Kh7 30. Kf2 Re4
31. axb5 axb5 32. d5 cxd5 33. Qxb5 d4 34. Qd3 dxc3 35. Qxd6 cxb2 36. Qb6 g5 37. Qxb2 g4 38. Qd2 Kg6 39. Qd6+ Kg5 40. Qd5 Kf6
41. Qd2 Kg6 42. Qc1 Kf6 43. Qa3 Kf7 44. Qd6 Re6 45. Qd5 Kf6 46. Qd8+=
1/2-1/2

[Event "Olga Nikolaevna Rubtsova"]
[Site "SchemingMind.com"]
[Date "2009.05.10"]
[Round "-"]
[White "saxon"]
[Black "Fiesty 50"]
[Result "1/2-1/2"]
[WhiteCountry "GER"]
[BlackCountry "ENG"]
[WhiteElo "2336"]
[WhiteRD "107"]
[BlackElo "2297"]
[BlackRD "106"]
[GameID "204054"]

1. d4 d5 2. c4 c6 3. Nf3 Nf6 4. e3 Bf5 5. Nc3 e6 6. Nh4 Bg6 7. Be2 Nbd7 8. O-O Bd6 9. g3 O-O 10. Nxg6 hxg6
11. Qb3 Qc7 12. Bd2 Rfe8 13. Rac1 dxc4 14. Bxc4 Nb6 15. Bd3 Qe7 16. Rfd1 Bc7 17. Kg2 a5 18. Ne4 a4 19. Qb4 Qxb4 20. Bxb4 Nxe4
21. Bxe4 f5 22. Bd3 Kf7 23. h4 Nd5 24. Bc5=
1/2-1/2

[Event "Olga Nikolaevna Rubtsova"]
[Site "SchemingMind.com"]
[Date "2009.05.09"]
[Round "-"]
[White "Tom Lathrop"]
[Black "Fiesty 50"]
[Result "0-1"]
[WhiteCountry "CAN"]
[BlackCountry "ENG"]
[WhiteElo "1916"]
[WhiteRD "119"]
[BlackElo "2308"]
[BlackRD "97"]
[GameID "204055"]

1. c4 e5 2. Nc3 Nf6 3. g3 Bb4 4. Bg2 O-O 5. Nf3 Nc6 6. O-O e4 7. Ne1 Bxc3 8. dxc3 h6 9. Nc2 Re8 10. Ne3 d6
11. Qc2 Re5 12. Rd1 Bd7 13. Nd5 g5 14. Be3 Bf5 15. Qd2 Ng4 16. Bd4 Nxd4 17. cxd4 Re8 18. h3 Nf6 19. Ne3 Bg6 20. g4 c6
21. d5 c5 22. Rf1 Nd7 23. b3 Qf6 24. Rae1 Ne5 25. f3 exf3 26. Bxf3 Qe7 27. Bg2 Rab8 28. Rf2 b5 29. Rc1 a6 30. cxb5 axb5
31. Nf1 Ra8 32. Ra1 Ra3
0-1

[Event "Olga Nikolaevna Rubtsova"]
[Site "SchemingMind.com"]
[Date "2009.05.11"]
[Round "-"]
[White "MichaelDV"]
[Black "Fiesty 50"]
[Result "1-0"]
[WhiteCountry "SWE"]
[BlackCountry "ENG"]
[WhiteElo "2412"]
[WhiteRD "66"]
[BlackElo "2245"]
[BlackRD "94"]
[GameID "204056"]

1. Nf3 Nf6 2. c4 g6 3. Nc3 Bg7 4. e4 d6 5. d4 O-O 6. Be2 e5 7. O-O Nc6 8. d5 Ne7 9. b4 Nh5 10. c5 Nf4
11. Bxf4 exf4 12. Rc1 h6 13. Nd4 g5 14. Bh5 c6 15. Nb3 dxc5 16. bxc5 cxd5 17. Nxd5 Be6 18. Qc2 Nxd5 19. exd5 Qxd5 20. Bf3 Qe5
21. Bxb7 Bf5 22. Qd2 Rad8 23. Qa5 Rd7 24. c6 Qxa5 25. Nxa5 Rc7 26. Rfd1 Bb2 27. Rc5 Be6 28. Nb3 Re8 29. h3 f6= 30. Ra5 Kf7
31. Rxa7 f3 32. Nc5 fxg2 33. Kxg2 Be5 34. Nxe6 Kxe6 35. a4 h5 36. a5 Bd6 37. a6 Be7 38. Ra8 Rxa8 39. Bxa8 Bc5 40. Bb7 Ba7
41. Rd8
1-0

[Event "Olga Nikolaevna Rubtsova"]
[Site "SchemingMind.com"]
[Date "2009.05.10"]
[Round "-"]
[White "Peacemaker"]
[Black "Fiesty 50"]
[Result "1-0"]
[WhiteCountry "GER"]
[BlackCountry "ENG"]
[WhiteElo "2477"]
[WhiteRD "74"]
[BlackElo "2308"]
[BlackRD "97"]
[GameID "204057"]

1. e4 e5 2. f3 Bc5 3. Nc3 Nf6 4. Bc4 O-O 5. Nge2 c6 6. Na4 Be7 7. Bb3 b5 8. Nac3 a5 9. a3 Qb6 10. d3 Rd8
11. g4 d5 12. g5 Ne8 13. exd5 Bh3 14. f4 Bc5 15. Rf1 Bxf1 16. Kxf1 exf4 17. Nxf4 Ra7 18. Qh5 Bg1 19. Qh4 Bd4 20. dxc6 Qxc6
21. Bd5 Qb6 22. Be4 g6 23. Ncd5 Qa6 24. c3 Bg7 25. Be3 Rad7 26. Re1 Nc7 27. Nxc7 Rxc7 28. Nd5 Rcd7 29. Bd4 Bxd4 30. cxd4 Rd6
31. Re3 Re6 32. Rh3 h5 33. gxh6 Rdd6 34. Rf3 Qa7 35. Nf6+ Kh8 36. d5 Re7 37. Qf4 Rd8 38. Qg5 Qd4 39. Ng8 Rxg8 40. Qxe7 f5
41. Kg2
1-0